Federal workforce downsizing during the 1990s: a human capital disaster (Record no. 61540)

000 -LEADER
fixed length control field 00389pab a2200145 454500
008 - FIXED-LENGTH DATA ELEMENTS--GENERAL INFORMATION
fixed length control field 180718b2003-04 xxu||||| |||| 00| 0 eng d
100 ## - MAIN ENTRY--PERSONAL NAME
Personal name Pegenato, Joseph A.
245 ## - TITLE STATEMENT
Title Federal workforce downsizing during the 1990s: a human capital disaster
260 ## - PUBLICATION, DISTRIBUTION, ETC.
Date of publication, distribution, etc. 2003-04
300 ## - PHYSICAL DESCRIPTION
Extent p.26-31.
362 ## - DATES OF PUBLICATION AND/OR SEQUENTIAL DESIGNATION
Dates of publication and/or sequential designation Winter
650 ## - SUBJECT ADDED ENTRY--TOPICAL TERM
Topical term or geographic name entry element Civil service
773 ## - HOST ITEM ENTRY
Main entry heading Public Manager
909 ## -
-- 61540
Holdings
Withdrawn status Lost status Damaged status Not for loan Permanent Location Current Location Date acquired Serial Enumeration / chronology Barcode Date last seen Price effective from Koha item type
        Indian Institute of Public Administration Indian Institute of Public Administration 2018-07-19 Volume no: 32, Issue no: 4 AR61990 2018-07-19 2018-07-19 Articles

Powered by Koha